000 00569nam a2200229Ia 4500
003 OSt
005 20221005122826.0
006 a|||||r|||| 00| 0
007 ta
008 221004b |||||||| |||| 00| 0 mal d
024 _a56910
037 _cTextual
040 _aCRL
_cCRL
_bmal
041 _2mal
_amal
082 _aO32,3N22x, J4
100 _aRama varma
_9632674
245 0 _aKatha kadambam
260 _c1954
650 _aMALAYALAM LITERATURE
_938866
942 _hO32,3N22x, J4
_cTEXL
_2cc
999 _c1045506
_d1045506